00702nam a2200193 a 450000100060000000300090000600800410001502000150005604000280007108200170009910000230011624500270013925000060016626000370017230000100020950502430021965000250046265000210048720753CO-ViMGA141112s2004 ck r 000 u spa d a9701703472 aCO-ViMGAbspacCO-ViMGA04a370.15 W665p1 aWoolfolk, Anita E.10aPsicología educativa a7 aMexico : bPrentice Hall, c1999 a662 P aDesarrollo humano : Un marco de referencias paara los maestros 22 - - Diferencias individuales 110 - - Aprendizaje : teoría y práctica 202 - - Motivación, control y enseñanza 370 - - Evaluación del aprendizaje del estudiante 51814aPSICOLOGIA EDUCATIVA14aPSICOPEDAGOGÍA